| 000 | 00513nam a22001817a 4500 | ||
|---|---|---|---|
| 005 | 20180829105358.0 | ||
| 010 | _aENG-123878 | ||
| 020 |
_c99.00 _a9789351201175 |
||
| 035 | _aEN-107410 | ||
| 037 | _bDBAD/PUB | ||
| 082 | _aS | ||
| 100 | _aAgarwala, Amar | ||
| 245 |
_aCalcutta kaleidoscope: _cby Amar Agarwala _b(small wisdom - I) // |
||
| 260 |
_c2015 _aKolkata _bFuture Publications |
||
| 270 |
_a15, Bankim Chatterjee Street, _bKolkata _e700073 |
||
| 300 |
_c20cm(pbk.) _a185p. |
||
| 942 |
_cEN _2ddc _mAGA _hS |
||
| 999 |
_c156492 _d156492 |
||